Βιομηχανικά πάρκα : θεσμοί, θεωρία και μεθοδολογία σχεδιασμού
Αποθηκεύτηκε σε:
| Κύριος συγγραφέας: | |
|---|---|
| Συγγραφή απο Οργανισμό/Αρχή: | |
| Άλλοι συγγραφείς: | , |
| Μορφή: | Βιβλίο |
| Γλώσσα: | Greek |
| Δημοσίευση: |
Αθήνα :
Παπαζήσης,
1991.
|
| Θέματα: | |
| Ετικέτες: |
Προσθήκη ετικέτας
Δεν υπάρχουν, Καταχωρήστε ετικέτα πρώτοι!
|
MARC
| LEADER | 00000cam a2200000 i 4500 | ||
|---|---|---|---|
| 001 | 1/49888 | ||
| 008 | 960724s1991 gr | ||| |||| ||gre|| | ||
| 020 | |a 9600208956 | ||
| 035 | |a 1997 |c ΓΡΑΜΜΑΤΕΙΑ ΜΥΤΙΛΗΝΗΣ |l 10043731 | ||
| 035 | |1 ΠΑΡ |a 1997 |b 06/13 |c ΚΙΟΥΡΛΙΟΥΡΟΣ | ||
| 040 | |a GR-MyUA |b gre |e AACR2 | ||
| 041 | 0 | |a gre | |
| 082 | 0 | |a 333.77 | |
| 100 | 1 | |a Βλιάμος, Σπύρος Ι. | |
| 245 | 1 | 0 | |a Βιομηχανικά πάρκα : |b θεσμοί, θεωρία και μεθοδολογία σχεδιασμού / |c Σπύρος Βλιάμος, Δημήτρης Γεωργούλης, Ηλίας Κουρλιούρος ; Ελληνική Τράπεζα Βιομηχανικής Αναπτύξεως. |
| 260 | |a Αθήνα : |b Παπαζήσης, |c 1991. | ||
| 300 | |a 123 σ. ; |c 24 εκ. | ||
| 504 | |a Περιλαμβάνει βιβλιογραφικές αναφορές. | ||
| 650 | 0 | 0 | |a Industrial districts. |
| 650 | 0 | 0 | |a Architecture, Industrial. |
| 650 | 0 | 0 | |a Industrial location |x Economic aspects. |
| 700 | 1 | |a Γεωργούλης, Δημήτριος. | |
| 700 | 1 | |a Κουρλιούρος, Ηλίας. | |
| 710 | 2 | |a Ελληνική Τράπεζα Βιομηχανικής Ανάπτυξης. | |
| 852 | |a INST |b CHIOS |e 19960724 |h 333.77 ΒΛΙ |p 005200008858 |q 005200008858 |t BK |y 0 | ||
| 852 | |a INST |b CHIOS |e 19960724 |h 333.77 ΒΛΙ |p 005200008859 |q 005200008859 |t BK |y 0 | ||
| 852 | |a INST |b CHIOS |e 19971209 |h 333.77 ΒΛΙ |p 005200010342 |q 005200010342 |t BK |y 0 | ||
| 852 | |a INST |b LESVOS |e 19980727 |h 711.5524 ΒΛΙ |p 005100015083 |q 005100015083 |t BK |y 0 | ||
| 852 | |a INST |b LESVOS |e 20000706 |h 711.5524 ΒΛΙ |p 005100025714 |q 005100025714 |t BK |y 0 | ||
| 852 | |a INST |b LESVOS |e 20000706 |h 711.5524 ΒΛΙ |p 005100025722 |q 005100025722 |t BK |y 0 | ||
| 852 | |a INST |b LESVOS |e 20000706 |h 711.5524 ΒΛΙ |p 005100025723 |q 005100025723 |t BK |y 0 | ||
| 852 | |a INST |b SAMOS |e 19980727 |h 333.77 ΒΛΙ |p 005300008656 |q 005300008656 |t BK |y 0 | ||
| 909 | |a Σ |b 050653 | ||
| 909 | |a Χ |b 022646 | ||
| 909 | |a Χ |b 022645 | ||
| 909 | |a Χ |b 048376 | ||
| 909 | |a Λ |b 052034 | ||
| 909 | |a Λ |b 080620 | ||
| 909 | |a Λ |b 080621 | ||
| 909 | |a Λ |b 080622 | ||
| 922 | |a 1ΕΛΗ |b 199711 |c ΚΠΣ/ΚΟΥΡΛΙΟΥΡΟΣ |d EMVASIS | ||
| 950 | |a 152-1997-06-30 | ||
| 970 | |z 2000/09/ELIDOC OK | ||
| 970 | |a ΠΟΥΛΑΚΗ |b ΣΤΕΛΛΑ |z 2000/07/24 | ||
| 970 | |z 2000/05/ΟΙΚΟΝΟΜΟΠΟΥΛΟΥ ΧΡΙΣΤΙΝΑ | ||